| 000 | 00922nas a2200313 4500 | ||
|---|---|---|---|
| 001 | BR0802169 | ||
| 003 | BR-BrBNA | ||
| 005 | 20231205111926.0 | ||
| 007 | ta | ||
| 008 | 230509b bl.|||p| |||| 00| 00por d | ||
| 040 |
_aBR-BrBNA _bpor _cBiblioteca Nacional de Agricultura |
||
| 041 | _a(Es) | ||
| 072 | _aL20; L60 | ||
| 100 | 1 | _aPeralta, L.A. | |
| 100 | 1 | _aDeloya, C. | |
| 100 | 1 | _aCasasola, P.M. | |
| 245 | 1 | _aInsectos acuáticos asociados a los Lagos Interdunarios de la región central del estado de Veracruz, México | |
| 650 | _aINSETO | ||
| 650 | _aAGUA | ||
| 650 | _aLAGO | ||
| 650 | _aECOLOGIA ANIMAL | ||
| 650 | _aBIODIVERSIDADE | ||
| 650 | _aCOMPORTAMENTO ANIMAL | ||
| 650 | _aVERACRUZ | ||
| 650 | _aMÉXICO | ||
| 773 | 0 |
_tNeotropical Entomology (Brazil) _xISSN 1519-566X _g(May-Jun 2007), v. 36(3) p. 342-355 _wBR0802169 |
|
| 909 |
_a202311 _bLúcia _c55 _dLúcia Elande |
||
| 942 |
_2AGRIS _n0 _cANA |
||
| 999 |
_c195168 _d195168 |
||